[Event "MEX-ch (Women)"]
[Site "Mexico City"]
[Date "2023.11.11"]
[Round "8"]
[White "Santiago Gonzalez, Frida"]
[Black "Lopez Sanchez, Anastacia Antonia"]
[Result "1/2-1/2"]
[WhiteElo "1829"]
[BlackElo "1775"]
[PlyCount "54"]
[EventDate "2023.11.07"]
[EventType "swiss"]
[EventRounds "9"]
[EventCountry "MEX"]
[SourceTitle "CB47_2023"]
[SourceDate "2023.11.22"]
[SourceVersion "1"]
[SourceVersionDate "2023.11.22"]
[SourceQuality "1"]

1. e4 c5 2. Nf3 Nc6 3. d3 g6 4. g3 Bg7 5. Bg2 d6 6. 0-0 e5 7. Nc3 Nge7 8. Nd5 0-0 9. Nd2 Be6 10. Nc4 b5 11. Nce3 Bxd5 12. Nxd5 b4 13. Be3 Rb8 14. Qd2 a5 15. Rab1 Qd7 16. Bh6 Nxd5 17. exd5 Nd4 18. Bxg7 Kxg7 19. c3 Nb5 20. f4 f6 21. f5 Rb7 22. c4 Nd4 23. g4 g5 24. Rbe1 Rh8 25. h4 h6 26. h5 a4 27. Re4 Rc8 1/2-1/2

[Event "MEX-ch (Women)"]
[Site "Mexico City"]
[Date "2023.11.10"]
[Round "5"]
[White "Padilla Garcia, Cecilia Xasive"]
[Black "Santiago Gonzalez, Frida"]
[Result "1-0"]
[WhiteElo "1777"]
[BlackElo "1829"]
[PlyCount "121"]
[EventDate "2023.11.07"]
[EventType "swiss"]
[EventRounds "9"]
[EventCountry "MEX"]
[SourceTitle "CB47_2023"]
[SourceDate "2023.11.22"]
[SourceVersion "1"]
[SourceVersionDate "2023.11.22"]
[SourceQuality "1"]

1. e4 e5 2. Nf3 d6 3. d4 exd4 4. Nxd4 Nf6 5. Nc3 Nc6 6. Be2 Nxd4 7. Qxd4 Be7 8. f3 Be6 9. Be3 a6 10. g4 c5 11. Qd2 d5 12. exd5 Nxd5 13. Nxd5 Qxd5 14. Qxd5 Bxd5 15. 0-0-0 Bc6 16. Rhf1 b5 17. f4 Rd8 18. Rxd8+ Kxd8 19. Bf3 Kc7 20. f5 Bxf3 21. Rxf3 f6 22. Bf4+ Bd6 23. Bxd6+ Kxd6 24. Re3 Kd7 25. Kd2 h5 26. Rh3 h4 27. Re3 Re8 28. Rh3 Rh8 29. Re3 Re8 30. Rxe8 Kxe8 31. Ke3 Ke7 32. Ke4 Kd6 33. h3 a5 34. a3 a4 35. c3 Kc6 36. Kd3 Kd5 37. c4+ bxc4+ 38. Kc3 Ke4 39. Kxc4 Kf3 40. b3 axb3 41. Kxb3 Kg3 42. a4 Kxh3 43. a5 Kg2 44. a6 h3 45. a7 h2 46. a8Q+ Kg1 47. Qa1+ Kg2 48. Qb2+ Kg1 49. Qc1+ Kg2 50. Qc2+ Kg1 51. Qxc5+ Kg2 52. Qd5+ Kg1 53. Qd4+ Kg2 54. Qe4+ Kg1 55. Qe3+ Kg2 56. g5 fxg5 57. Qxg5+ Kf2 58. Qh4+ Kg1 59. Qg3+ Kh1 60. Qf2 g5 61. Qf1# 1-0

[Event "Iberoamerican-ch 8th"]
[Site "Mexico City"]
[Date "2022.02.15"]
[Round "5"]
[White "Santiago Gonzalez, Frida"]
[Black "Ortiz Verdesoto, Anahi Eduarda"]
[Result "0-1"]
[WhiteElo "1758"]
[BlackElo "2047"]
[PlyCount "82"]
[EventDate "2022.02.12"]
[EventType "swiss"]
[EventRounds "9"]
[EventCountry "MEX"]
[SourceTitle "CBM 206 Extra"]
[Source "ChessBase"]
[SourceDate "2022.03.31"]
[SourceVersion "1"]
[SourceVersionDate "2022.03.31"]
[SourceQuality "1"]

1. e4 e5 2. Nf3 Nc6 3. d3 Nf6 4. g3 d5 5. exd5 Nxd5 6. Bg2 Be7 7. 0-0 0-0 8. Re1 f6 9. Nbd2 Bg4 10. h3 Bh5 11. g4 Bf7 12. Nf1 Nf4 13. Ng3 Nxg2 14. Kxg2 Qd7 15. Nf5 Be6 16. N3h4 Rad8 17. Be3 g6 18. Nxe7+ Nxe7 19. Kg1 f5 20. Bh6 fxg4 21. Rxe5 g3 22. Bxf8 gxf2+ 23. Kg2 Rxf8 24. Rxe6 f1Q+ 25. Qxf1 Rxf1 26. Rxe7 Qxe7 27. Rxf1 Qxh4 28. b3 h5 29. a4 g5 30. a5 g4 31. hxg4 hxg4 32. Rh1 Qg5 33. Kg3 Qxa5 34. Rh4 Qe1+ 35. Kxg4 Qe2+ 36. Kf5 Qxc2 37. Rc4 Qxd3+ 38. Kf6 Qxb3 39. Rg4+ Kf8 40. Rh4 Qf7+ 41. Kg5 Qe7+ 0-1

[Event "Villahermosa Mexican op (Women)"]
[Site "Villahermosa"]
[Date "2021.08.07"]
[Round "6"]
[White "Martha Lureco, Nayeli Aime"]
[Black "Santiago Gonzalez, Frida"]
[Result "1-0"]
[WhiteElo "1671"]
[BlackElo "1698"]
[PlyCount "107"]
[EventDate "2021.08.05"]
[EventType "swiss"]
[EventRounds "9"]
[EventCountry "MEX"]
[SourceTitle "EXT 2022"]
[Source "ChessBase"]
[SourceDate "2021.10.06"]
[SourceVersion "1"]
[SourceVersionDate "2021.10.06"]
[SourceQuality "1"]

1. d4 Nf6 2. Bg5 h6 3. Bxf6 exf6 4. c4 f5 5. g3 g6 6. Bg2 Bg7 7. Nc3 0-0 8. e3 d6 9. Nge2 Nd7 10. 0-0 Nf6 11. b4 Rb8 12. c5 d5 13. Rb1 c6 14. b5 Bd7 15. Qc2 Ne4 16. Rb2 g5 17. Rfb1 Qe7 18. bxc6 Bxc6 19. Nb5 a6 20. Bxe4 fxe4 21. Nd6 b5 22. a4 Qd7 23. Nc3 b4 24. Rxb4 Rxb4 25. Rxb4 a5 26. Rb6 f5 27. Qb3 Kh7 28. Nxd5 Bxa4 29. Qa3 Bd1 30. Rb7 Qc6 31. Nc3 Qa6 32. Rb5 Bf3 33. Qxa5 Ra8 34. Qxa6 Rxa6 35. Rb1 Kg6 36. Ncb5 h5 37. Rc1 Bf6 38. c6 Bd8 39. Nb7 Bb6 40. c7 Bxc7 41. Nxc7 Ra2 42. d5 Kf6 43. d6 Rd2 44. Nb5 Rd5 45. Nd4 f4 46. gxf4 gxf4 47. Nb3 Be2 48. h4 fxe3 49. fxe3 Bg4 50. N3c5 Ke5 51. Rf1 Be2 52. Re1 Bb5 53. Rb1 Bd3 54. Rd1 1-0

[Event "FIDE World Cup Mexico Qual (Women)"]
[Site "Mexico City"]
[Date "2021.05.29"]
[Round "7"]
[White "Santiago Gonzalez, Frida"]
[Black "Carrillo Aguayo, Bertha Hiromi"]
[Result "1/2-1/2"]
[WhiteElo "1681"]
[BlackElo "1644"]
[PlyCount "122"]
[EventDate "2021.05.26"]
[EventType "swiss"]
[EventRounds "9"]
[EventCountry "MEX"]
[SourceTitle "CBM 202 Extra"]
[Source "ChessBase"]
[SourceDate "2021.07.31"]
[SourceVersion "1"]
[SourceVersionDate "2021.07.31"]
[SourceQuality "1"]

1. Nf3 c5 2. e4 d6 3. d3 Nf6 4. g3 e6 5. Bg2 Be7 6. 0-0 0-0 7. e5 dxe5 8. Nxe5 Nd5 9. f4 Nd7 10. Qe2 Rb8 11. b3 Nxe5 12. fxe5 Bg5 13. c4 Nc7 14. Bb2 b6 15. Nc3 f5 16. exf6 Bxf6 17. Be4 Bb7 18. Rad1 Bxe4 19. dxe4 Bd4+ 20. Kg2 Qg5 21. Bc1 Qg6 22. Nb1 e5 23. Nd2 Ne6 24. Nf3 Qe8 25. Nh4 g6 26. Bh6 Ng7 27. Rxf8+ Qxf8 28. Rf1 Qe7 29. Bxg7 Qxg7 30. Qf3 Rf8 31. Qxf8+ Qxf8 32. Rxf8+ Kxf8 33. g4 Ke7 34. g5 Be3 35. Nf3 Ke6 36. h4 Bf4 37. Kh3 Be3 38. Kg4 Bf4 39. h5 Kf7 40. a4 Ke6 41. h6 Kf7 42. Ne1 Bd2 43. Nd3 Ke6 44. Nb2 Bc1 45. Nd1 Bd2 46. Nf2 Be3 47. Nh3 Bd2 48. Ng1 Be3 49. Nf3 Bc1 50. Kg3 Bf4+ 51. Kf2 a5 52. Kg2 Bc1 53. Kg3 Bf4+ 54. Kh4 Be3 55. Kg4 Bf4 56. Ng1 Bd2 57. Nf3 Bf4 58. Ne1 Bd2 59. Nc2 Kf7 60. Na3 Ke6 61. Nb5 Kd7 1/2-1/2

[Event "MEX-ch 26 (Women)"]
[Site "Merida"]
[Date "2019.05.16"]
[Round "5"]
[White "Santiago Gonzalez, Frida"]
[Black "Matu Carballo, Magdalena"]
[Result "1-0"]
[WhiteElo "1730"]
[BlackElo "1816"]
[PlyCount "69"]
[EventDate "2019.05.12"]
[EventType "swiss"]
[EventRounds "6"]
[EventCountry "MEX"]
[SourceTitle "EXT 2020"]
[Source "ChessBase"]
[SourceDate "2019.10.17"]
[SourceVersion "1"]
[SourceVersionDate "2019.10.17"]
[SourceQuality "1"]

1. e4 e5 2. Nf3 Nf6 3. d3 Nc6 4. g3 Bc5 5. Bg2 d6 6. Nc3 a6 7. a3 Be6 8. b4 Ba7 9. 0-0 Qd7 10. Be3 Nd4 11. Qd2 Ng4 12. Bxd4 exd4 13. Ne2 c5 14. Nf4 0-0 15. bxc5 dxc5 16. h3 Nf6 17. Ne5 Qe7 18. Nxe6 Qxe6 19. f4 Bb8 20. Nf3 Bc7 21. Rae1 Qe7 22. e5 Nd5 23. Nxd4 Rad8 24. Nf5 Qe6 25. c4 Nb6 26. Ne3 Rd4 27. Qc2 Qg6 28. Be4 Qxg3+ 29. Qg2 Qxg2+ 30. Kxg2 Na4 31. Nd5 Ba5 32. Rb1 Rb8 33. Ne7+ Kf8 34. Nc6 bxc6 35. Rxb8+ 1-0

[Event "MEX-ch 26 (Women)"]
[Site "Merida"]
[Date "2019.05.12"]
[Round "1"]
[White "Santiago Gonzalez, Frida"]
[Black "Cruz Ahumada, Gloria Athzi"]
[Result "1-0"]
[WhiteElo "1730"]
[BlackElo "1414"]
[PlyCount "115"]
[EventDate "2019.05.12"]
[EventType "swiss"]
[EventRounds "6"]
[EventCountry "MEX"]
[SourceTitle "EXT 2020"]
[Source "ChessBase"]
[SourceDate "2019.10.17"]
[SourceVersion "1"]
[SourceVersionDate "2019.10.17"]
[SourceQuality "1"]

1. Nf3 Nf6 2. g3 d5 3. Bg2 e6 4. 0-0 Be7 5. d3 0-0 6. Ne5 Nbd7 7. f4 c5 8. Nxd7 Bxd7 9. e4 dxe4 10. dxe4 Bc6 11. e5 Bxg2 12. Kxg2 Qxd1 13. Rxd1 Nd5 14. c4 Nb4 15. Nc3 Rad8 16. Rxd8 Rxd8 17. b3 Nd3 18. Be3 Nb4 19. Rc1 Nd3 20. Rd1 a6 21. Kf1 Nb4 22. Rxd8+ Bxd8 23. Bxc5 Nc6 24. Ne4 b6 25. Bf2 Kf8 26. Nd6 Nb4 27. a3 Nc2 28. c5 bxc5 29. Bxc5 Na1 30. Nf5+ Kg8 31. Nd4 f6 32. exf6 Bxf6 33. b4 Bxd4 34. Bxd4 Nc2 35. Bb2 Ne3+ 36. Ke2 Nc4 37. Bc1 Kf7 38. a4 Nb6 39. a5 Nd5 40. Bd2 g6 41. Kd3 Ke7 42. Kc4 Kd6 43. b5 axb5+ 44. Kxb5 Nc7+ 45. Kb6 Nd5+ 46. Kb7 Nc7 47. a6 Nxa6 48. Kxa6 e5 49. fxe5+ Kxe5 50. h4 Kf5 51. Kb6 h5 52. Kc6 Ke6 53. Bf4 Kf5 54. Kd6 Kf6 55. Bg5+ Kf5 56. Ke7 Ke5 57. Kf7 Kf5 58. Bf4 1-0